| 000 | 004650000a22001810004500 | ||
|---|---|---|---|
| 003 | MACL | ||
| 005 | 20151006131741.0 | ||
| 008 | 151006b xxu||||| |||| 00| 0 eng d | ||
| 040 |
_aMACL _cMACL |
||
| 041 | _aEnglish | ||
| 082 | _a910/SIN | ||
| 100 |
_aSingh, K S _9622 |
||
| 245 |
_aBihar Including Jharkhand _bVol XVI Part 1 |
||
| 260 |
_bAnthropological Survey of India _c2008 _aKolkata |
||
| 350 | _a550 | ||
| 650 |
_aTravel _913833 |
||
| 942 |
_cBK _k910/SIN _2ddc |
||
| 999 |
_c41031 _d41031 |
||